Simla paintings and other stories (Record no. 16733)
[ view plain ]
| 000 -LEADER | |
|---|---|
| fixed length control field | 00454nam a2200169Ia 4500 |
| 008 - FIXED-LENGTH DATA ELEMENTS--GENERAL INFORMATION | |
| fixed length control field | 230917s9999||||xx |||||||||||||| ||und|| |
| 020 ## - ISBN | |
| Price | RS295 |
| 040 ## - CATALOGING SOURCE | |
| -- | 229409 |
| Original cataloging agency | VIVEKANANDA LIBRARY |
| 041 ## - Language | |
| -- | English |
| 082 ## - DDC NUMBER | |
| Classification number | 823.08 J78S |
| 100 ## - MAIN ENTRY--PERSONAL NAME | |
| Personal name | Joshi, Rita |
| 245 #0 - TITLE STATEMENT | |
| Title | Simla paintings and other stories |
| 260 ## - PUBLICATION, DISTRIBUTION, ETC. (IMPRINT) | |
| Place of publication, distribution, etc | New Delhi |
| Name of publisher, distributor, etc | Heritage Publishers |
| Date of publication, distribution, etc | 2015 |
| 300 ## - PHYSICAL DESCRIPTION | |
| Pages | xi, 187 p. |
| 500 ## - GENERAL NOTE | |
| General note | 2191 03/12/2015 HBD15/1231 28/12/2015 Main Budget |
| 942 ## - ADDED ENTRY ELEMENTS (KOHA) | |
| Koha item type | Books |
| Withdrawn status | Lost status | Damaged status | Not for loan | Location (home branch) | Sublocation or collection (holding branch) | Date acquired | Koha issues (times borrowed) | Koha full call number | Accession No. | Koha date last seen | Koha item type |
|---|---|---|---|---|---|---|---|---|---|---|---|
| VIVEKANANDA LIBRARY | VIVEKANANDA LIBRARY | 10/02/2016 | 1 | 823.08 J78S | 355795 | 06/10/2025 | Books |
